书目信息 |
| 题名: |
电厂标识系统编码应用手册
|
|
| 作者: | 王聪生 , 康慧 , 吴国强 编著 | |
| 分册: | ||
| 出版信息: | 北京 中国电力出版社 2008.09 |
|
| 页数: | 403页, [1] 叶折图 | |
| 开本: | 21cm | |
| 丛书名: | ||
| 单 册: | ||
| 中图分类: | TM62-62 | |
| 科图分类: | ||
| 主题词: | 电厂电气系统--dian chang dian qi xi tong--标志--编码--手册 , 发电厂--fa dian chang--电气设备--标志--编码--手册 | |
| 电子资源: | ||
| ISBN: | 978-7-5083-7330-0 | |
| 000 | 01106nam0 2200277 450 | |
| 001 | 012008680726 | |
| 005 | 20081226174300.98 | |
| 010 | @a978-7-5083-7330-0@dCNY28.00 | |
| 100 | @a20081226d2008 em y0chiy0120 ea | |
| 101 | 0 | @achi |
| 102 | @aCN@b110000 | |
| 105 | @aak z 000yy | |
| 106 | @ar | |
| 200 | 1 | @a电厂标识系统编码应用手册@Adian chang biao shi xi tong bian ma ying yong shou ce@f王聪生 ... [等] 编著@Fwang cong sheng...[deng]bian zhu |
| 210 | @a北京@c中国电力出版社@d2008.09 | |
| 215 | @a403页, [1] 叶折图@c图@d21cm | |
| 304 | @a题名页题: 王聪生, 康慧, 吴国强, 周岩编著 | |
| 330 | @a全书共8章,内容包括:电力信息的分类与编码、电厂标识系统概论、电厂标识系统一般规则、土建专业应用说明、电气专业应用说明、工程约定和工程编码索引等。 | |
| 606 | 0 | @a电厂电气系统@Adian chang dian qi xi tong@x标志@x编码@j手册 |
| 606 | 0 | @a发电厂@Afa dian chang@x电气设备@x标志@x编码@j手册 |
| 690 | @aTM62-62@v4 | |
| 701 | 0 | @a王聪生@Awang cong sheng@4编著 |
| 701 | 0 | @a康慧@Akang hui@4编著 |
| 701 | 0 | @a吴国强@Awu guo qiang@4编著 |
| 801 | 0 | @aCN@bQSSK@c20081226 |
| 905 | @b736392-94@dTM62-62@eW136@f3 | |
| 电厂标识系统编码应用手册/王聪生 ... [等] 编著.-北京:中国电力出版社,2008.09 |
| 403页, [1] 叶折图:图;21cm |
| ISBN 978-7-5083-7330-0:CNY28.00 |
| 全书共8章,内容包括:电力信息的分类与编码、电厂标识系统概论、电厂标识系统一般规则、土建专业应用说明、电气专业应用说明、工程约定和工程编码索引等。 |
| ● |
| 相关链接 |
|
|
|
正题名:电厂标识系统编码应用手册
索取号:TM62-62/W136
 
预约/预借
| 序号 | 登录号 | 条形码 | 馆藏地/架位号 | 状态 | 备注 |
| 1 | 736392 | 207363921 | 自科库301/301自科库 15排1列1层/ [索取号:TM62-62/W136] | 在馆 | |
| 2 | 736393 | 207363930 | 自科库301/301自科库 10排3列1层/ [索取号:TM62-62/W136] | 在馆 | |
| 3 | 736394 | 207363949 | 自科库301/301自科库 15排1列1层/ [索取号:TM62-62/W136] | 在馆 |